Ligue 1 2020-21 First XI - Statistics

General Stats
  • This quiz has been taken 109 times
  • The average score is 67 of 220
Answer Stats
Team Position Player % Correct
Paris Saint-Germain MF Marco Verratti
85%
Paris Saint-Germain DF Presnel Kimpembe
85%
Paris Saint-Germain MF Idrissa Gueye
81%
Lille FW Jonathan David
81%
Paris Saint-Germain DF Thilo Kehrer
79%
Paris Saint-Germain DF Juan Bernat
78%
Monaco MF Aleksandr Golovin
73%
Lyon GK Anthony Lopes
73%
Rennes GK Édouard Mendy
73%
Lille GK Mike Maignan
70%
Paris Saint-Germain MF Ander Herrera
68%
Marseille GK Steve Mandanda
68%
Angers DF Abdoulaye Bamba
67%
Lille FW Jonathan Bamba
67%
Nantes MF Kader Bamba
67%
Marseille DF Duje Caleta-Car
66%
Lille DF José Fonte
66%
Monaco FW Wissam Ben Yedder
66%
Lyon FW Memphis Depay
64%
Lyon DF Jason Denayer
63%
Lille MF Renato Sanches
63%
Saint-Etienne DF Wesley Fofana
63%
Monaco MF Youssouf Fofana
63%
Reims FW Boulaye Dia
62%
Lille FW Jonathan Ikoné
62%
Lyon FW Karl Toko-Ekambi
62%
Lille DF Zeki Çelik
62%
Lille MF Benjamin André
60%
Marseille DF Hiroki Sakaï
60%
Rennes MF Jonas Martin
60%
Paris Saint-Germain FW Pablo Sarabia
60%
Nice FW Kasper Dolberg
59%
Paris Saint-Germain GK Marcin Bulka
59%
Monaco GK Benjamin Lecomte
58%
Marseille FW Darío Benedetto
56%
Lille DF Sven Botman
56%
Nice GK Walter Benítez
56%
Lyon DF Fernando Marçal
55%
Marseille MF Kevin Strootman
55%
Lyon FW Moussa Dembélé
55%
Nantes GK Alban Lafont
52%
Monaco MF Aurélien Tchouaméni
52%
Lyon MF Bruno Guimarães
52%
Lyon DF Léo Dubois
52%
Monaco DF Loïc Badiashile
52%
Nantes DF Charles Traoré
51%
Angers DF Ismaël Traoré
51%
Bordeaux GK Benoit Costil
49%
Nice DF Dante
49%
Marseille FW Florian Thauvin
49%
Marseille MF Boubacar Kamara
48%
Nice DF Hassane Kamara
48%
Lyon DF Marcelo
48%
Monaco DF Axel Disasi
47%
Reims GK Pedrag Rajkovic
47%
Monaco DF Ruben Aguilar
47%
Reims DF Yunis Abdelhamid
45%
Rennes MF Benjamin Bourigeaud
44%
Marseille DF Leonardo Balerdi
44%
Rennes FW M'Baye Niang
44%
Rennes FW Raphinha
44%
Lille MF Xeka
44%
Lens DF Facundo Medina
42%
Montpellier FW Gaëtan Laborde
42%
Monaco FW Gelson Martins
42%
Lorient DF Jérémy Morel
42%
Paris Saint-Germain DF Layvin Kurzawa
42%
Rennes FW Martin Terrier
42%
Rennes DF Nayef Aguerd
42%
Dijon GK Alfred Gomis
41%
Nice FW Amine Gouiri
41%
Rennes DF Damien Da Silva
41%
Bordeaux FW Hwang Ui-jo
41%
Montpellier GK Jonas Omlin
41%
Lyon MF Maxence Caqueret
41%
Montpellier DF Pedro Mendes
41%
Metz GK Alexandre Oukidja
40%
Lorient DF Houboulang Mendes
40%
Marseille DF Jordan Amavi
40%
Lyon DF Maxwel Cornet
40%
Marseille FW Nemanja Radonjic
40%
Angers GK Paul Bernardoni
40%
Strasbourg GK Eiji Kawashima
37%
Lens MF Gaël Kakuta
37%
Lens GK Jean-Louis Leca
37%
Nantes DF Nicolas Pallois
37%
Reims DF Wout Faes
37%
Marseille MF Morgan Sanson
36%
Reims DF Thomas Foket
36%
Saint-Etienne GK Jessy Moulin
34%
Strasbourg FW Ludovic Ajorque
34%
Paris Saint-Germain FW Arnaud Kalimuendo-Muinga
33%
Dijon DF Bruno Ecuele Manga
33%
Saint-Etienne MF Denis Bouanga
33%
Monaco DF Fodé Ballo-Toure
33%
Saint-Etienne MF Mahdi Camara
33%
Montpellier MF Téji Savanier
33%
Lens FW Florian Sotoca
32%
Reims FW El Bilal Touré
30%
Nantes DF Fábio
30%
Angers DF Romain Thomas
30%
Brest MF Ibrahima Diallo
29%
Lens DF Jonathan Gradit
29%
Nice DF Jordan Lotomba
29%
Nice MF Khéphren Thuram
29%
Saint-Etienne FW Romain Hamouma
29%
Angers MF Baptiste Santamaria
27%
Lorient MF Enzo Le Fée
27%
Lille DF Reinildo Mandava
27%
Brest GK Gautier Larsonneur
26%
Strasbourg DF Lamine Koné
26%
Nantes MF Moses Simon
26%
Montpellier MF Florent Mollet
25%
Montpellier MF Jordan Ferri
25%
Strasbourg MF Adrien Thomasson
23%
Nantes DF Andrei Girotto
23%
Angers MF Angelo Fulgini
23%
Metz FW Farid Boulaya
23%
Monaco FW Henry Onyekuru
23%
Lens FW Ignatius Ganago
23%
Montpellier MF Joris Chotard
23%
Bordeaux DF Laurent Koscielny
23%
Nice MF Pierre Lees-Melou
23%
Strasbourg MF Sanjin Prcić
23%
Nîmes DF Birger Meling
22%
Lens MF Cheick Doucouré
22%
Reims DF Ghislain Konan
22%
Reims MF Marshall Munetsi
22%
Angers MF Mathias Pereira Lage
22%
Dijon MF Pape Cheikh Diop
22%
Nantes MF Pedro Chirivella
22%
Angers MF Thomas Mangani
22%
Paris Saint-Germain FW Kays Ruiz-Atil
21%
Bordeaux MF Otávio
21%
Nice FW Alexis Claude-Maurice
19%
Brest MF Haris Belkebla
19%
Bordeaux FW Josh Maja
19%
Lorient FW Adrian Grbić
18%
Lorient GK Paul Nardi
18%
Brest MF Romain Faivre
18%
Lorient DF Vincent Le Goff
18%
Nîmes MF Zinedine Ferhat
18%
Montpellier DF Arnaud Souquet
16%
Brest MF Franck Honorat
16%
Montpellier DF Mihailo Ristić
16%
Nice MF Morgan Schneiderlin
16%
Metz DF Dylan Bronn
15%
Metz FW Ibrahima Niane
15%
Strasbourg MF Ibrahima Sissoko
15%
Nantes FW Kalifa Coulibaly
15%
Lorient MF Stéphane Diarra
15%
Bordeaux DF Youssouf Sabaly
15%
Brest DF Brendan Chardonnet
14%
Montpellier DF Daniel Congré
14%
Lens DF Loïc Badé
14%
Strasbourg DF Stefan Mitrović
14%
Lens MF Yannick Cahuzac
14%
Nîmes GK Baptiste Reynet
12%
Lorient MF Fabien Lemoine
12%
Rennes DF Faitout Maouassa
12%
Brest FW Irvin Cardona
12%
Lorient DF Julien Laporte
12%
Nîmes DF Renaud Ripart
12%
Bordeaux MF Toma Bašić
12%
Dijon MF Didier Ndong
11%
Metz DF Fabien Centonze
11%
Saint-Etienne DF Mathieu Debuchy
11%
Angers DF Souleyman Doumbia
10%
Metz MF Habib Maïga
8%
Brest MF Jérémy Le Douaron
8%
Bordeaux FW Nicolas De Préville
8%
Nîmes DF Pablo Martinez
8%
Bordeaux DF Paul Baysse
8%
Nantes FW Samuel Moutoussamy
8%
Rennes MF Steven Nzonzi
8%
Saint-Etienne MF Adil Aouchiche
7%
Lens DF Clément Michelin
7%
Brest DF Jean-Kévin Duverne
7%
Strasbourg MF Kenny Lala
7%
Reims MF Mathieu Cafaro
7%
Nice DF Robson Bambu
7%
Reims MF Xavier Chavalerin
7%
Lorient MF Yoane Wissa
7%
Saint-Etienne MF Yvan Neyou
7%
Saint-Etienne DF Yvann Maçon
7%
Nîmes MF Andrés Cubas
5%
Saint-Etienne MF Arnaud Nordin
5%
Lens DF Ismaël Boura
5%
Metz MF Vincent Pajot
5%
Nîmes MF Yassine Benrahou
5%
Montpellier DF Damien Le Tallec
4%
Nantes MF Imran Louza
4%
Nîmes DF Loïck Landre
4%
Metz DF Matthieu Udol
4%
Brest DF Ronaël Pierre-Gabriel
4%
Rennes DF Sacha Boey
4%
Angers MF Sada Thioub
4%
Reims MF Dereck Kutesa
3%
Dijon FW Eric Junior Dina-Ebimbe
3%
Metz DF John Boye
3%
Brest DF Julien Faussurier
3%
Bordeaux DF Maxime Poundjé
3%
Strasbourg DF Mohamed Simakan
3%
Metz FW Opa Nguette
3%
Saint-Etienne DF Timothée Kolodziejczak
3%
Metz MF Victorien Angban
3%
Dijon DF Ahmad Ngouyamsa
1%
Dijon FW Aurélien Scheidler
1%
Dijon MF Jordan Marié
1%
Nîmes FW Kévin Denkey
1%
Strasbourg DF Lionel Carole
1%
Nîmes MF Lucas Deaux
1%
Strasbourg MF Mehdi Chahiri
1%
Bordeaux MF Mehdi Zerkane
1%
Dijon FW Mounir Chouiar
1%
Lorient MF Quentin Boisgard
1%
Nîmes MF Romain Philippoteaux
1%
Dijon DF Wesley Lautoa
1%
Dijon DF Ngonda Muzinga
0%
Angers FW Wilfried Kanga
0%
No matching quizzes found
Score Distribution
Percent of People with Each Score
Percentile by Number Answered
Your Score History
You have not taken this quiz